| 000 | 00442nam a22001697a 4500 | ||
|---|---|---|---|
| 999 |
_c7501 _d7501 |
||
| 003 | OSt | ||
| 005 | 20200312051047.0 | ||
| 008 | 200312b ||||| |||| 00| 0 eng d | ||
| 020 | _a9789387788497 | ||
| 040 | _abmsca | ||
| 082 |
_a620.1 _bBHA |
||
| 100 |
_aBhavikatti, SS _dauthor |
||
| 245 |
_aEngineering Mechanics 7th ed _cBhavikatti, SS |
||
| 250 | _a7th ed / | ||
| 260 |
_aNe Delhi _bNew Age International Publishers _cc2019 |
||
| 942 | _2ddc | ||